|
|
|
|
| LEADER |
00942nam a2200265 a 4500 |
| 001 |
1259 |
| 003 |
BD-DhAAL |
| 005 |
20150428102850.0 |
| 008 |
150428s1994 ii b 000 0 eng |
| 010 |
|
|
|a 94004732
|
| 020 |
|
|
|a 0803991711 (U.S. : cloth)
|
| 020 |
|
|
|a 8170363985 (India : cloth)
|
| 040 |
|
|
|a DLC
|c DLC
|d DLC
|d BD-DhAAL
|
| 050 |
0 |
0 |
|a HD75
|b .A44 1994
|
| 082 |
0 |
0 |
|a 338.9
|2 20
|
| 100 |
1 |
|
|a Alexander, Kanjirathara Chandy,
|d 1935-
|9 8375
|
| 245 |
1 |
4 |
|a The process of development of societies /
|c K.C. Alexander.
|
| 260 |
|
|
|a New Delhi ;
|a Thousand Oaks :
|b Sage Publications,
|c 1994.
|
| 300 |
|
|
|a 212 p. ;
|c 23 cm.
|
| 504 |
|
|
|a Includes bibliographical references (p. [208]-212).
|
| 541 |
|
|
|e 1259
|
| 650 |
|
0 |
|a Economic development.
|9 10810
|
| 942 |
|
|
|2 ddc
|c BK
|
| 999 |
|
|
|c 34335
|d 34335
|
| 952 |
|
|
|0 0
|1 0
|2 ddc
|4 0
|6 338_900000000000000_ALE
|7 0
|9 53601
|a SCL
|b SCL
|c GEN
|d 2015-04-28
|g 275.00
|l 0
|o 338.9 ALE
|p 3020001259
|r 2015-04-28
|t 1
|w 2015-04-28
|y BK
|